Starost a starosti /

Hlavní autor: Eis, Zdeněk, 1930-
Jazyk: Čeština
Vydáno: Praha : Ježek, 1995
Vydání: 1. vyd.
Edice: Psychologické texty
Témata:
Fyzický popis: 89 s. ; 20 cm
Knihy
Uloženo v:
LEADER 01021nam a2200313 a 4500
001 000060545
003 CZ BrMZK
005 19950407143423.0
008 950407s1995 xr f cze d
020 |a 80-85996-02-2 
040 |a BOA001  |b cze 
080 |a 159.942.5:159.913  |2 MRF 
080 |a 615.851  |2 MRF 
080 |a 159.913  |2 MRF 
100 1 |a Eis, Zdeněk,  |d 1930-  |7 jk01030355  |4 aut 
245 1 0 |a Starost a starosti /  |c Zdeněk Eis 
250 |a 1. vyd. 
260 |a Praha :  |b Ježek,  |c 1995 
300 |a 89 s. ;  |c 20 cm 
490 1 |a Psychologické texty ;  |v sv. 1 
500 |a Bibliogr. s. 87-89 
653 0 |a duševní hygiena 
830 0 |a Psychologické texty 
910 |a BOA001  |b PK-0124.599 
964 |a Problémy  |x řešení  |x výklady populární 
964 |a Situace životní  |x problémy  |x výklady populární 
964 |a Zátěž psychická  |x řešení  |x výklady populární 
990 |a BK 
996 7 |b 3119002618  |c PK-0124.599  |l MZK  |r Sklad / do 1 hodiny  |n 18  |p kup  |w 000060545  |u 000010  |a 1  |e BOA001  |j MZK50  |s A